000 00722nam a2200229 a 4500
001 BRCA_472
005 20190320203026.0
008 920810s1991 enka---##b---#001-0#eng-#
020 _a1854440225
050 4 _aNK3735
_b.A45 1991
100 1 _aAllan, James Wilson
_d1945-
_91624
245 1 0 _aIslamic Ceramics
_cJames W. Allan.
260 _aOxford
_bAshmolean Museum
_c1991
300 _a[80] p.
_bil. [47] a color, mapas
_c21 cm.
440 0 _aAsh Molean-Christie´s Handbooks
_91625
500 _aIncluye glosario
500 _a2do. ejemplar en el Área de Investigación
504 _aBibliografía : p. 78
650 1 4 _aCerámica islámica
_91626
650 1 4 _aArtes decorativas
_xColecciones
_91627
942 _2lcc
_cB
999 _c407
_d407